000
00434nam a22001337a 4500
008
230519b |||||||| |||| 00| 0 eng d
020
_a
978-99936-777-7-2
082
_a
954.98
100
_a
The National Museum of Bhutan,
_d
2018
245
_a
འབྲུག་གི་ལམ་སྲོལ་དང་མཐའ་གནས་སྟང
300
_a
479 p.
_c
23 cm
942
_2
ddc
999
_c
9564
_d
9565